[Event "Olympiad Women 2024"]
[Site "Budapest HUN"]
[Date "2024.09.16"]
[Round "6.60"]
[Board "4"]
[White "Tsinjoviniavo, Aina Mahasambatra"]
[Black "Cabral, Sylvi"]
[Result "1-0"]
[WhiteElo "1662"]
[BlackElo "1471"]
[PlyCount "115"]
[EventDate "2024.09.11"]
[WhiteTeam "Madagascar"]
[BlackTeam "Aruba"]
[WhiteTeamCountry "MAD"]
[BlackTeamCountry "ARN"]

1. e4 c5 2. Nf3 g6 3. c3 Bg7 4. d4 cxd4 5. cxd4 d5 6. e5 Nc6 7. Nc3 e6 ({RR} 7... Nh6 8. Bb5 O-O 9. O-O Bg4 10. Bxc6 bxc6 11. h3 Bxf3 12. Qxf3 Nf5 13. Rd1 f6 14. e6 Nd6 15. Bf4 f5 16. Rac1 Ne4 17. Qe3 Rc8 18. f3 g5 19. Bxg5 Nxg5 20. Qxg5 f4 21. Na4 Qd6 22. Nc5 {½-½ Potapov,P (2418)-Gopal,G (2572) Wch U20 Gaziantep 2008 (7)}) 8. Bd3 Nge7 9. Nb5 $146 ({RR} 9. g4 Bd7 10. Nb5 O-O 11. Nd6 Qb6 12. Be3 f6 13. Kf1 fxe5 14. dxe5 Qb4 15. a3 Qxg4 16. Be2 Nxe5 17. h3 Qa4 18. Qxa4 Bxa4 19. Nd4 Rab8 20. Nxe6 Rf6 21. Nxg7 Rxd6 22. Bc5 Rc6 23. Bxe7 Kxg7 {0-1 Patarcic,D (2029)-Muskardin,M (2085) CRO-chT U20 19th 2010 (6.33)}) ({RR} 9. O-O a6 10. Bg5 O-O 11. Qd2 Qb6 12. Rad1 Nxd4 13. Nxd4 Qxd4 14. Bxe7 Re8 15. Bd6 Bxe5 16. Bxe5 Qxe5 17. Rfe1 Qc7 18. Nxd5 Qd8 19. Bb1 b5 20. Nc3 Qa5 21. Ne4 Qb6 22. Nf6+ {1-0 Owezdurdiyeva,J (2063)-Joya,R Swiss Queens Wed #14 2024 (7.91)}) ({RR} 9. Bg5 Qb6 10. O-O O-O 11. Qd2 a6 12. Qf4 Qc7 13. Bf6 Bxf6 14. Qxf6 Qd8 15. g4 Bd7 16. Qh4 Kg7 17. Qf6+ Kg8 18. h4 Nc8 19. g5 Nb4 20. Bb1 Qxf6 21. gxf6 Nb6 22. a3 Nc6 23. b3 Rac8 {1-0 Bons Fuses,M (1638)-Pifarre Gene,J (1464) Llinars del Valles op-B 13th 2019 (4)}) ({RR} 9. O-O O-O 10. h3 Nf5 11. Bg5 Qb6 12. Bxf5 gxf5 13. Rb1 f6 14. exf6 Bxf6 15. Bxf6 Rxf6 16. Re1 Bd7 17. Ne5 Be8 18. Qf3 Nxd4 19. Qg3+ Kh8 20. Rbd1 Nc6 21. Nxc6 Bxc6 22. Qe5 Raf8 23. Re3 f4 {1-0 Morales Flores,M (1974)-Balaji,A (2206) Chess.com Bullet op1 blitz 2020 (16)}) 9... O-O 10. Nd6 a6 11. O-O f6 12. Nxc8 Rxc8 13. exf6 Bxf6 14. Bh6 Bg7 15. Bxg7 Kxg7 16. Ng5 Qd6 17. Qg4 Nf5 18. Bxf5 Rxf5 19. Rfe1 Re8 20. h4 h6 21. Nf3 Qf4 22. Qxf4 Rxf4 23. Rad1 Kf6 24. Re3 g5 25. hxg5+ hxg5 26. g3 Rf5 27. Kg2 Rf8 28. Rb3 Kg6 29. Re1 Nd8 30. Ne5+ Kg7 31. f3 b5 32. Ra3 Nf7 33. Nxf7 R8xf7 34. Rxe6 a5 35. Rxa5 Rxf3 36. Rxb5 g4 37. Re2 Rd7 38. a4 Rd3 39. Rb4 Ra7 40. b3 Rc7 41. a5 Ra7 42. Rb5 Rxd4 43. b4 Kf7 44. Rb6 Rc4 45. a6 Rcc7 46. b5 Rc5 47. Rb2 Ke8 48. Rb7 Ra8 49. a7 Rcc8 50. b6 d4 51. Rd2 d3 52. Rxd3 Rc2+ 53. Kf1 Rc1+ 54. Ke2 Rcc8 55. Rh7 Kf8 56. Rh8+ Kf7 57. Rxc8 Rxc8 58. b7 1-0

[Event "Olympiad Women 2024"]
[Site "Budapest HUN"]
[Date "2024.09.16"]
[Round "6.61"]
[Board "1"]
[White "Jop A., Laura Elizabeth"]
[Black "Pg Hj Janudin, Dk Siti Haziqah"]
[Result "1-0"]
[WhiteElo "1686"]
[BlackElo "1711"]
[PlyCount "69"]
[EventDate "2024.09.11"]
[WhiteTeam "Guatemala"]
[BlackTeam "Brunei Darussalam"]
[WhiteTeamCountry "GUA"]

1. c4 Nf6 2. d4 g6 3. Nc3 d6 4. e4 Bg7 5. Nf3 O-O 6. Be2 Nbd7 7. O-O e5 8. dxe5 Nxe5 9. Nxe5 dxe5 10. Qxd8 Rxd8 11. Bg5 h6 12. Bxf6 Bxf6 13. Nd5 Bg7 14. Nxc7 Rb8 15. Rad1 $146 ({RR} 15. Rfd1 Rxd1+ 16. Rxd1 Be6 17. Nxe6 fxe6 18. Rd7 Kf8 19. Bg4 {1-0 Kotov,V (2268)-Burkhanov,D (2197) RUS-chT U18 Orsk 2002}) ({RR} 15. Nd5 Be6 16. b3 f5 17. f3 Rd7 18. Rad1 Rf8 19. g3 Bxd5 20. cxd5 Rc8 21. Bc4 a6 22. a4 Bf8 23. d6+ Kg7 24. Be6 Rcd8 25. Bxd7 Rxd7 26. Rd5 Kf6 27. exf5 gxf5 28. Re1 Bxd6 29. Rexe5 Bxe5 {1-0 Moeller,D (2176)-Sieberg,R Solingen-ch 2004 (2)}) ({RR} 15. Nd5 Be6 16. Rfd1 Rd7 17. Rac1 Rbd8 18. b3 Kf8 19. Rc3 f5 20. f3 Kf7 21. Rcd3 Bxd5 22. Rxd5 Rxd5 23. Rxd5 Rxd5 24. cxd5 Bf8 25. Kf2 Bd6 26. Ke3 f4+ 27. Kd3 Ke7 28. Kc3 b6 29. b4 g5 {½-½ Fries,E-Salavkar,V IBCA Wch blind (Women) 05th 2001 (2)}) 15... Rd4 16. Rxd4 exd4 17. f4 a6 18. Rd1 Bd7 19. e5 g5 20. g3 Bf8 21. Kg2 Bc6+ 22. Nd5 Bxd5+ 23. cxd5 Bc5 24. Kf3 a5 25. Ke4 Kf8 26. d6 Ke8 27. Kd5 Bb6 28. Rc1 Kd7 29. Bb5+ Kd8 30. f5 Rc8 31. Rxc8+ Kxc8 32. e6 fxe6+ 33. fxe6 d3 34. Bxd3 Kd8 35. e7+ 1-0

[Event "Olympiad Women 2024"]
[Site "Budapest HUN"]
[Date "2024.09.16"]
[Round "6.61"]
[Board "2"]
[White "Saiful Azmi, Nur Farzana"]
[Black "Lopez L., Dairyn D."]
[Result "0-1"]
[WhiteElo "1533"]
[BlackElo "1740"]
[PlyCount "60"]
[EventDate "2024.09.11"]
[WhiteTeam "Brunei Darussalam"]
[BlackTeam "Guatemala"]
[BlackTeamCountry "GUA"]

1. d4 d6 2. Nf3 g6 3. Bf4 Bg7 4. e3 Nf6 5. Nbd2 Nbd7 6. Bd3 O-O 7. O-O Re8 8. Bg3 ({RR} 8. c3 e5 9. Bg5 h6 10. Bxf6 Nxf6 11. Qc2 Qe7 12. e4 c6 13. a4 a5 14. Rfe1 Nh5 15. g3 Bg4 16. dxe5 dxe5 17. Be2 Nf6 18. Rad1 Qc7 19. Nc4 Bf8 20. Ne3 Bc5 21. Nxg4 Nxg4 22. Rf1 Qb6 {0-1 Duda,L (2201)-Stoma,P (2317) POL-chT 1st League 2018 (7.4)}) ({RR} 8. Bc4 e5 9. dxe5 dxe5 10. Bg3 h6 11. Nh4 Nb6 12. Bb3 Be6 13. Nhf3 Nfd7 14. c3 Qe7 15. Qe2 f5 16. Bc2 Qf7 17. h3 Nc4 18. Nxc4 Bxc4 19. Qxc4 Qxc4 20. Bb3 Qe6 21. Rfd1 Rad8 22. Bxe6+ Rxe6 {0-1 Zharokov,B (1602)-Kozhabekov,A (1911) 20th Asian Continental 2023 (3.40)}) 8... e5 9. Ng5 $146 ({RR} 9. dxe5 dxe5 10. e4 Nh5 11. c3 Nxg3 12. hxg3 Nc5 13. Bc2 Bg4 14. Nb3 Ne6 15. Qxd8 Rexd8 16. Rad1 b6 17. Rxd8+ Rxd8 18. Nc1 Bxf3 19. gxf3 Rd2 20. Bb3 Nc5 21. Rd1 Nxb3 22. Kh2 {0-1 Paduraru,E-Gilea,L (2266) Galatzi GP op 2007 (1)}) ({RR} 9. dxe5 dxe5 10. e4 c6 11. Qe2 Nh5 12. Qe3 Qb6 13. Nc4 Qxe3 14. Nxe3 Nf4 15. Bc4 Nb6 16. Rfe1 Nxc4 17. Nxc4 f6 18. Nd6 Re7 19. Rad1 Be6 20. Bxf4 exf4 21. a3 Rd8 22. e5 Red7 23. Nxb7 Rxd1 {1-0 Luscheko,T-Volgina,A UKR-ch U10 Girls 2004 (8)}) ({RR} 9. dxe5 dxe5 10. Bb5 c6 11. Bc4 b5 12. Bb3 h6 13. h3 Ba6 14. Re1 e4 15. Nh2 Nh5 16. Nhf1 Nxg3 17. Nxg3 Nc5 18. Rb1 Nxb3 19. cxb3 b4 20. Nc4 Qe7 21. Qc2 f5 22. Rbd1 Rad8 23. Ne2 g5 {½-½ Rodriguez Sune,S (1454)-Ortiz Padro,P (1647) Foment Martinenc op-B 21st 2019 (2)}) 9... h6 10. Nh3 e4 11. Be2 Nf8 12. c4 Bxh3 13. gxh3 h5 14. Qb3 Qc8 15. Kg2 N8h7 16. h4 Kh8 17. f3 exf3+ 18. Bxf3 Rb8 19. Rac1 Bh6 20. Rfe1 g5 21. hxg5 Nxg5 22. Kh1 Nxf3 23. Nxf3 Qg4 24. Ng1 Qe4+ 25. Nf3 Qxf3+ 26. Kg1 Rxe3 27. Rc3 Rbe8 28. Rf1 Rxc3 29. bxc3 Be3+ 30. Bf2 Rg8# 0-1

[Event "Olympiad Women 2024"]
[Site "Budapest HUN"]
[Date "2024.09.16"]
[Round "6.61"]
[Board "3"]
[White "Santiago Sontay, Jenny Fernanda"]
[Black "Redzuan, Nur Ainul Mardhiah"]
[Result "1-0"]
[WhiteElo "1773"]
[BlackElo "1481"]
[PlyCount "107"]
[EventDate "2024.09.11"]
[WhiteTeam "Guatemala"]
[BlackTeam "Brunei Darussalam"]
[WhiteTeamCountry "GUA"]

1. d4 Nf6 2. e3 g6 3. Bd3 d6 4. f4 c5 5. c3 cxd4 6. exd4 Bg7 7. Nf3 O-O 8. O-O Nc6 $146 ({RR} 8... a6 9. Nbd2 Qc7 10. Re1 e6 11. Ne4 Nbd7 12. Nf2 b5 13. Bd2 Bb7 14. Be4 Nxe4 15. Nxe4 Bxe4 16. Rxe4 Nf6 17. Re1 Nd7 18. a4 Nb6 19. axb5 axb5 20. Qe2 Nc4 21. Qe4 Rxa1 22. Rxa1 Nxb2 23. Rb1 {0-1 Daga Serra,J (1965)-Colomer Candano,J Gent Gran-ch 1996 (4)}) ({RR} 8... a6 9. Nbd2 b6 10. Re1 Bb7 11. Qb3 Nc6 12. Qc2 Rc8 13. Ne4 Nb4 14. Qd2 Nxd3 15. Qxd3 Nxe4 16. Bd2 Nxd2 17. Qxd2 Re8 18. Qc2 Bxf3 19. gxf3 Bxd4+ 20. Kg2 Bg7 21. Qd3 b5 22. Re2 e6 23. a4 {0-1 Lorenzo,L-Pradines,E (1850) Villa Martelli Proyeccion op 1st 2007 (1)}) 9. Qc2 e5 10. fxe5 dxe5 11. Nxe5 Nxe5 12. dxe5 Ng4 13. Na3 Nxe5 14. Be4 Qb6+ 15. Qf2 Qxf2+ 16. Rxf2 f5 17. Bc2 Be6 18. Bf4 Rfe8 19. Re2 Bf7 20. Rae1 Nc6 21. Rxe8+ Rxe8 22. Rxe8+ Bxe8 23. Bb3+ Bf7 24. Bxf7+ Kxf7 25. Nb5 Ke6 26. Kf2 a6 27. Nc7+ Kd7 28. Nd5 Ke6 29. Nb6 Be5 30. g3 Bxf4 31. gxf4 h6 32. h4 Nd8 33. c4 Nf7 34. Nd5 g5 35. hxg5 hxg5 36. fxg5 Nxg5 37. Ke3 Ke5 38. Nf4 Ne6 39. Nd3+ Kf6 40. b4 Kg5 41. a4 f4+ 42. Ke4 Kg4 43. Ke5 Ng5 44. Nxf4 Nf3+ 45. Ke4 Nd2+ 46. Kd3 Nxc4 47. Kxc4 Kxf4 48. Kc5 Ke5 49. Kb6 Kd5 50. Kxb7 Kc4 51. Kxa6 Kxb4 52. a5 Kc5 53. Kb7 Kb5 54. a6 1-0

[Event "Olympiad Women 2024"]
[Site "Budapest HUN"]
[Date "2024.09.16"]
[Round "6.62"]
[Board "1"]
[White "Jambo, Linda"]
[Black "Miladi, Amen"]
[Result "1/2-1/2"]
[WhiteElo "1629"]
[BlackElo "1851"]
[PlyCount "65"]
[EventDate "2024.09.11"]
[WhiteTeam "Malawi"]
[BlackTeam "Tunisia"]
[WhiteTeamCountry "MWI"]
[BlackTeamCountry "TUN"]

1. e4 c5 2. Nf3 e6 3. d4 cxd4 4. Nxd4 a6 5. Bd3 Nf6 6. O-O Qc7 7. Bg5 h6 $146 ({RR} 7... Be7 8. c4 d6 9. Nc3 b6 10. Rc1 O-O 11. Nc2 Bb7 12. Be3 Nbd7 13. f3 Rfd8 14. Be2 Rac8 15. Qe1 Ne5 16. Na4 Nfd7 17. Qf2 Nc5 18. Nxb6 Qxb6 19. b4 Ned7 20. bxc5 Nxc5 21. Rb1 Qa7 22. Nd4 {0-1 Heim,B-Schneider,B Baden-ch MB Lauda 1986}) ({RR} 7... Be7 8. Nc3 O-O 9. Qf3 d6 10. Qg3 Nc6 11. Nxc6 bxc6 12. Rae1 e5 13. Qh4 h6 14. Bd2 Nh7 15. Qg3 Bg5 16. f4 exf4 17. Bxf4 Bxf4 18. Rxf4 Be6 19. Kh1 a5 20. Ne2 Qb6 21. b3 Qc5 22. a4 {1-0 Beerdsen,T (2513)-Barria Zuniga,D (2341) Titled Tuesday intern op 23rd Aug Late blitz 2022 (3)}) ({RR} 7... Be7 8. Re1 d6 9. Nc3 O-O 10. a4 b6 11. Qf3 Nbd7 12. Qh3 Bb7 13. Kh1 h6 14. Bxh6 Ne5 15. Be3 d5 16. f4 Nxd3 17. cxd3 dxe4 18. dxe4 Nxe4 19. Nxe6 Qd7 20. Nxe4 fxe6 21. Ng5 Bxg5 22. fxg5 {½-½ Perez Pastora,E (2089)-Villa Tornero,A (2216) XXIII Foment Martinenc Op 2023 (8.6)}) ({RR} 7... Be7 8. Qe2 d6 9. Nd2 Nbd7 10. c3 b6 11. f4 Bb7 12. Rae1 e5 13. Nf5 Bf8 14. Bc4 h6 15. fxe5 dxe5 16. Bh4 b5 17. Bb3 g6 18. Ne3 Bg7 19. Ng4 g5 20. Bg3 O-O-O 21. Bxf7 Rhf8 22. Bb3 {1-0 Hamilton,R (2300)-Frialde,A Canada zt 1989}) ({RR} 7... Be7 8. c3 Nc6 9. Re1 Ne5 10. Bc2 Neg4 11. g3 d6 12. h3 h6 13. Bc1 Ne5 14. a4 O-O 15. Nd2 Rd8 16. Qe2 Nc6 17. N4f3 e5 18. Kg2 Be6 19. Bb3 Rac8 20. Bxe6 fxe6 21. b3 Nb8 22. Bb2 {1-0 Meijers,V (2375)-Link,M (2125) Goch op 03rd 1992 (6)}) 8. Bxf6 gxf6 9. Nd2 Nc6 10. N4f3 Bc5 11. c3 Ne5 12. Nxe5 Qxe5 13. Qf3 Qg5 14. Rad1 Rg8 15. Rfe1 e5 16. Bf1 d6 17. h3 b5 18. Nb3 Be6 19. Nxc5 dxc5 20. a3 Ke7 21. Qe3 Qxe3 22. Rxe3 Rad8 23. Rxd8 Rxd8 24. Rd3 f5 25. Rxd8 Kxd8 26. Bd3 f4 27. f3 Ke7 28. Kf2 Kf6 29. h4 Kg6 30. g3 Kh5 31. Bc2 Bc4 32. b3 Be6 33. Kg2 1/2-1/2

[Event "Olympiad Women 2024"]
[Site "Budapest HUN"]
[Date "2024.09.16"]
[Round "6.63"]
[Board "3"]
[White "Reifer-Belle, Chanon"]
[Black "Al Nadabi, Yomna"]
[Result "1-0"]
[WhiteElo "1736"]
[BlackElo "1612"]
[PlyCount "72"]
[EventDate "2024.09.11"]
[WhiteTeam "Barbados"]
[BlackTeam "Oman"]
[WhiteTeamCountry "BAR"]
[BlackTeamCountry "OMN"]

1. e4 {ChessBase II} c6 2. Nc3 d5 3. Nf3 Bg4 4. h3 Bxf3 5. Qxf3 e6 6. d3 Nf6 7. Bd2 Nbd7 8. g4 Qb6 ({RR} 8... d4 9. Ne2 Qb6 10. Rb1 h6 11. Qg3 g5 12. Bg2 h5 13. O-O hxg4 14. hxg4 Qc5 15. Rfc1 Bd6 16. b4 Bxg3 17. bxc5 Bh2+ 18. Kf1 Nxg4 19. Nxd4 O-O-O 20. f3 Be5 21. Ne2 Nh2+ 22. Kf2 g4 23. f4 {½-½ Short,N (2698)-Motylev,A (2658) Poikovsky Karpov 13th 2012 (4)}) ({RR} 8... g6) 9. O-O-O d4 10. Ne2 Qa6 $146 ({RR} 10... Bd6 11. g5 Ne5 12. Qg2 Nfd7 13. f4 Ng6 14. Qf2 e5 15. fxe5 Bxe5 16. h4 Rf8 17. Bh3 O-O-O 18. h5 Ne7 19. Bf4 Bxf4+ 20. Nxf4 Kb8 21. Bxd7 Rxd7 22. Ne6 Rg8 23. Qxf7 Qa5 24. Rdf1 a6 25. a3 {1-0 Zakhartsova,I (1974)-Rozowski,M (1861) Warsaw Najdorf Memorial op-B 2008 (4)}) ({RR} 10... c5 11. g5 Ne5 12. Qg3 Nfd7 13. f4 Nc6 14. f5 e5 15. g6 hxg6 16. fxg6 f6 17. h4 Qa6 18. Kb1 O-O-O 19. h5 c4 20. dxc4 Nc5 21. Nc1 Kb8 22. Bd3 Qa4 23. h6 Nb4 24. h7 Rd6 25. Bxb4 {1-0 Kapusta,P (2137)-Sucikova,S (2171) Skalica Masters op 2020 (5)}) ({RR} 10... Bb4 11. Bxb4 Qxb4 12. g5 Ng8 13. h4 Ne7 14. a3 Qd6 15. Bh3 b5 16. Qf4 Qc5 17. b4 Qb6 18. Qd6 a5 19. Nxd4 axb4 20. axb4 Ra6 21. Bxe6 fxe6 22. Nxe6 Qb8 23. Nxg7+ Kf7 24. Qe6+ Kf8 25. Qxd7 {1-0 Poetsch,H (2494)-De Visser,L (2204) Wiesbaden op 26th 2014 (4)}) ({RR} 10... O-O-O 11. g5 Ne5 12. Qg3 Bd6 ({RR} 12... Nfd7) 13. f4 Nh5 14. Qh4 Nf3 15. Qxh5 Nxd2 16. Rxd2 Qa5 17. a3 Bb4 18. c3 ({RR} 18. Rd1) 18... dxc3 19. Nxc3 Bxc3 20. bxc3 Qxc3+ 21. Kd1 g6 22. Qf3 Qxa3 23. Bg2 Rd4 ({RR} 23... h6 24. h4 hxg5 25. hxg5 Rxh1+ 26. Bxh1 a5) 24. Ke2 Rb4 25. Rhd1 {1-0 Mazzoni,G-Maury,C FRA-ch40 Dunkerque 1965 (1)}) 11. Kb1 Qb6 12. g5 Ba3 13. Bc1 Ne5 14. Qg3 Nfd7 15. f4 Ng6 16. Bg2 O-O-O 17. Ka1 Bd6 18. Qf2 Bc5 19. h4 f5 20. gxf6 Nxf6 21. Bh3 Rhe8 22. f5 Nf8 23. fxe6 Re7 24. Bg5 Nxe6 25. e5 Nd5 26. Bxe7 Nxe7 27. Bxe6+ Kb8 28. Qg3 g6 29. Rdf1 Nd5 30. Bxd5 cxd5 31. Rf7 Rc8 32. Nf4 Ka8 33. Nxd5 Qc6 34. Qf3 Bb6 35. Nxb6+ Qxb6 36. Rf8 Kb8 1-0

[Event "Olympiad Women 2024"]
[Site "Budapest HUN"]
[Date "2024.09.16"]
[Round "6.63"]
[Board "4"]
[White "Al Ghafri, Alanoud"]
[Black "Eversley, Kiarra"]
[Result "0-1"]
[WhiteElo "1546"]
[BlackElo "1615"]
[PlyCount "56"]
[EventDate "2024.09.11"]
[WhiteTeam "Oman"]
[BlackTeam "Barbados"]
[WhiteTeamCountry "OMN"]
[BlackTeamCountry "BAR"]

1. e4 c5 2. Nc3 d6 3. f4 Nc6 4. Nf3 e6 5. a3 a6 ({RR} 5... Nf6 6. d3 Be7 7. Be2 O-O 8. O-O Rb8 9. Qe1 b5 10. Bd1 a5 11. Kh1 b4 12. axb4 axb4 13. Ne2 Bb7 14. b3 Ra8 15. Rb1 Ra2 16. f5 exf5 17. exf5 Qd7 18. Nh4 Re8 19. Qg3 d5 20. Bh6 {0-1 Day,L (2375)-Damljanovic,B (2525) Saint John op-1 1988}) ({RR} 5... Nf6 6. Bc4 d5 7. exd5 exd5 8. Ba2 Bd6 9. d3 Be6 10. O-O O-O 11. Qe1 Re8 12. Qh4 d4 13. Bxe6 Rxe6 14. Nd1 Nd5 15. f5 Qxh4 16. Nxh4 Re2 17. Rf2 Rae8 18. Bd2 Rxf2 19. Kxf2 Bxh2 20. g3 {0-1 Steil Antoni,F (2189)-D'Arruda,R (2271) Titled Tuesday intern op 26th Apr Early blitz 2022 (11)}) 6. Bc4 b5 $146 ({RR} 6... Nf6 7. d3 Be7 8. O-O O-O 9. Ba2 Qc7 10. Bd2 b5 11. Ne2 Bd7 12. Qe1 d5 13. e5 Ne8 14. Qg3 b4 15. axb4 Nxb4 16. Bb1 Bb5 17. Nc1 Bd7 18. Ne2 Bb5 19. Nc1 c4 20. Bxb4 Bxb4 21. c3 {½-½ Faber,L (1749)-Coder,T (1986) Schneeberg op 2009 (4)}) ({RR} 6... g6 7. O-O Bg7 8. Ne2 Nge7 9. c3 d5 10. exd5 exd5 11. Bb3 O-O 12. d4 cxd4 13. Nexd4 Nf5 14. Nxf5 Bxf5 15. Qxd5 Qb6+ 16. Rf2 Be6 17. Qd3 Qxb3 18. Nd2 Qd5 19. Qe2 Rfe8 20. Qf1 Rad8 21. Nf3 {0-1 Capil,D (1524)-Hradil,V (1834) Valasska Bystrice op 2013 (5)}) ({RR} 6... Nf6 7. O-O Be7 8. d3 Qc7 9. e5 dxe5 10. fxe5 Nxe5 11. Nxe5 Qxe5 12. Qf3 Qc7 13. Ne4 Bd7 14. Bf4 Qc6 15. Be5 b5 16. Ba2 c4 17. Bxf6 gxf6 18. Nxf6+ Bxf6 19. Qxf6 Rf8 20. dxc4 bxc4 21. Rad1 {1-0 Corredor Gonzalez,A (1745)-Martinez Carrasco,J (1568) Madrid-ch Seniors 65 1718 2018 (6)}) 7. Ba2 b4 8. axb4 cxb4 9. Ne2 Nf6 10. d3 Qb6 11. Bd2 Ng4 12. d4 Be7 13. c3 Rb8 14. cxb4 Nxb4 15. Bc3 Ne3 16. Qa4+ Bd7 17. Qxb4 Nc2+ 18. Kd2 Nxb4 19. Bc4 a5 20. Ng3 Bb5 21. Bb3 O-O 22. f5 d5 23. fxe6 fxe6 24. h4 Bd6 25. e5 Be7 26. h5 h6 27. Rhf1 Bxf1 28. Nxf1 Qb5 0-1

[Event "Olympiad Women 2024"]
[Site "Budapest HUN"]
[Date "2024.09.16"]
[Round "6.65"]
[Board "2"]
[White "Kaslan, Victoria"]
[Black "Anahi Rishit Shah"]
[Result "1-0"]
[WhiteElo "1726"]
[BlackElo "1513"]
[PlyCount "81"]
[EventDate "2024.09.11"]
[WhiteTeam "Suriname"]
[BlackTeam "Tanzania"]
[WhiteTeamCountry "SUR"]
[BlackTeamCountry "TAN"]

1. e4 e5 2. Nf3 Nc6 3. d4 exd4 4. Nxd4 Nf6 5. Nxc6 bxc6 6. Bd3 Bc5 7. O-O O-O 8. e5 ({RR} 8. Bg5 Qe7 9. Nd2 Rb8 10. Rb1 d6 11. Qf3 Bd4 12. c3 Be5 13. Qe2 h6 14. Bh4 Bf4 15. Bg3 Bxg3 16. hxg3 d5 17. exd5 Qxe2 18. Bxe2 cxd5 19. Bd3 Re8 20. Nb3 Bd7 21. Rfe1 Rxe1+ 22. Rxe1 Kf8 {0-1 Pinter,G (2135)-Cselotei,I (2240) Budapest vadnyit op 1998}) 8... Nd5 9. Be4 $146 ({RR} 9. Kh1 d6 10. exd6 cxd6 11. Bd2 Qb6 12. b3 Bxf2 13. Qf3 Be3 14. Bxe3 Nxe3 15. Re1 Re8 16. Nd2 Bg4 17. Qg3 d5 18. h3 Bf5 19. Bxf5 Nxf5 20. Qf3 Rxe1+ 21. Rxe1 Nd4 22. Qe3 Rf8 23. Qd3 Ne6 {½-½ Pham,B-Tran,Q Phu Dong festival U09 6th 2004 (6)}) ({RR} 9. Qh5 g6 10. Qh6 Be7 11. f4 d6 12. Bd2 dxe5 13. fxe5 Be6 14. a3 Re8 15. Kh1 Rb8 16. b4 Bd7 17. Rxf7 Kxf7 18. Qxh7+ Ke6 19. Qxg6+ Kxe5 20. Nc3 Bf6 21. Re1+ Kd6 22. Ne4+ Rxe4 23. Qxe4 Qe8 {1-0 Sheikh,A (1862)-Wilson,F (1613) Gilbert Cup 2024 (4.2)}) ({RR} 9. a3 a5 10. c4 Ne7 11. b3 d6 12. Bb2 Re8 13. Qc2 g6 14. exd6 cxd6 15. Qc3 f6 16. Qxf6 Nf5 17. Qh8+ Kf7 18. Qxh7+ Kf8 19. Bxf5 {1-0 Erdos,J (2095)-Doman,C (1856) HUN-chT2 Toth 0708 2007 (1)}) ({RR} 9. a3 a5 10. c4 Nb6 11. Nc3 Re8 12. Kh1 Rxe5 13. f4 Re8 14. Qh5 g6 15. Qxc5 d6 16. Qxc6 Rb8 17. Qf3 Bb7 18. Qg3 Nd7 19. f5 Ne5 20. f6 Nxd3 21. Qxd3 Qd7 22. Qg3 Qe6 23. Qh4 Bc6 {1-0 Altamirano Beteta,A (1468)-Gamez Valenzuela,E NCA-chT 1st Stage 2021 (2.2)}) 9... Bb7 10. Qh5 g6 11. Qh6 Re8 12. Bxd5 cxd5 13. Bg5 Be7 14. Bxe7 Rxe7 15. f4 Qf8 16. Qh4 Qe8 17. Nc3 Bc6 18. Rad1 Re6 19. Nxd5 Bxd5 20. Rxd5 c6 21. Rd2 a6 22. Rfd1 Rd8 23. Rd3 Qf8 24. Rxd7 Rxd7 25. Rxd7 Re8 26. Rd6 c5 27. Qf2 Rb8 28. b3 Rc8 29. Qd2 Rb8 30. Rxa6 c4 31. Rd6 Qc8 32. b4 Kg7 33. a4 Qc7 34. a5 c3 35. Qd4 Ra8 36. Rd7 Qc6 37. e6+ Kh6 38. Rxf7 Qxe6 39. Qg7+ Kh5 40. Qxh7+ Kg4 41. Qh3# 1-0

[Event "Olympiad Women 2024"]
[Site "Budapest HUN"]
[Date "2024.09.16"]
[Round "6.65"]
[Board "3"]
[White "Bertha Samson Mkude"]
[Black "Kaslan, Alexandra"]
[Result "0-1"]
[WhiteElo "1459"]
[BlackElo "1675"]
[PlyCount "72"]
[EventDate "2024.09.11"]
[WhiteTeam "Tanzania"]
[BlackTeam "Suriname"]
[WhiteTeamCountry "TAN"]
[BlackTeamCountry "SUR"]

1. e4 e6 2. d4 d5 3. exd5 exd5 4. Nf3 Bd6 5. Bd3 Nf6 6. O-O O-O 7. Bg5 Be6 8. c3 Nbd7 9. Qc2 h6 10. Bh4 c6 11. Nbd2 Qc7 12. h3 $146 ({RR} 12. Rfe1 Rae8 13. Rac1 c5 14. Bg3 Bxg3 15. hxg3 c4 16. Bf5 Qb6 17. Bxe6 Rxe6 18. Rxe6 Qxe6 19. Re1 Qg4 20. Ne5 Nxe5 21. Rxe5 Qd7 22. Re2 Re8 23. Rxe8+ Qxe8 24. Nf3 Qe4 25. Qxe4 Nxe4 26. Ne1 Kf8 {1-0 Ghate,S (1309)-Inamdar,A (1027) Mumbai Wealth U13 op 5th 2019 (6)}) ({RR} 12. Rfe1) ({RR} 12. Rae1 Rfe8 13. Bf5 Re7 14. Bxe6 fxe6 15. Re2 e5 16. dxe5 Bxe5 17. Nxe5 Nxe5 18. Bg3 Rae8 19. Rfe1 Nh5 20. Bxe5 Rxe5 21. Nf3 Rxe2 22. Rxe2 Nf6 {½-½ Firla,E (1944)-Pechan,W (1797) Mittelfrankenliga-B2b 0506 2005 (4.3)}) ({RR} 12. Rfe1 Nh5 13. Bh7+ Kh8 14. Bf5 Bxf5 15. Qxf5 g6 16. Qc2 Rae8 17. c4 dxc4 18. Nxc4 Nb6 19. Nfe5 Nxc4 20. Qxc4 Bxe5 21. dxe5 Re6 22. g4 Ng7 23. Bf6 Kh7 24. Rad1 Ne8 25. Bd8 Qc8 26. Qc5 Nd6 {1-0 Kolar,P (2154)-Pilny,J (1985) Rakovnik Regional-chT 1415 2014 (3.3)}) 12... Nh5 13. Rfe1 Nf4 14. Re3 Nxd3 15. Qxd3 Bf4 16. Re2 Qb6 17. Qc2 Rfe8 18. Rae1 Qc7 19. a3 Rac8 20. b4 b6 21. Nb3 Bd6 22. Re3 c5 23. dxc5 bxc5 24. b5 Nb6 25. R3e2 Bd7 26. Nfd2 Rxe2 27. Rxe2 Bxb5 28. Re1 Re8 29. Rxe8+ Bxe8 30. c4 dxc4 31. Nxc4 Nxc4 32. Qxc4 Qb6 33. Nd2 Qa5 34. Qd3 Qc7 35. f3 Qd7 36. Bf2 Bh2+ 0-1

[Event "Olympiad Women 2024"]
[Site "Budapest HUN"]
[Date "2024.09.16"]
[Round "6.67"]
[Board "3"]
[White "Johnson, Daijah"]
[Black "Clement, Ciel Desiree"]
[Result "1-0"]
[WhiteElo "1625"]
[BlackElo "1460"]
[PlyCount "83"]
[EventDate "2024.09.11"]
[WhiteTeam "Bahamas"]
[BlackTeam "Guyana"]
[WhiteTeamCountry "BAH"]
[BlackTeamCountry "GUY"]

1. d4 Nf6 2. c4 e6 3. Nc3 d5 4. Bg5 Be7 5. Nf3 h6 6. Bxf6 Bxf6 7. e3 Nd7 ({RR} 7... c5 8. cxd5 exd5 9. Bb5+ Bd7 10. Be2 Bc6 11. O-O Nd7 12. Rc1 O-O 13. dxc5 Nxc5 14. Nd4 Ne6 15. Nxc6 bxc6 16. Na4 Qd6 17. Qc2 Rac8 18. Bg4 Rc7 19. Rfd1 Rd8 20. a3 Qe7 21. b4 Be5 22. h3 {1-0 Riazantsev,A (2671)-Bindrich,F (2590) Wch Rapid Doha 2016 (5)}) 8. cxd5 exd5 9. Nxd5 Nb6 $146 ({RR} 9... c6 10. Nxf6+ Nxf6 11. Qc2 O-O 12. Bd3 Qa5+ 13. Qd2 Qc7 14. O-O Bg4 15. Ne5 Rae8 16. Rac1 Be6 17. b4 Nd7 18. Nxd7 Qxd7 19. a4 a6 20. b5 cxb5 21. axb5 axb5 22. Qb4 Bd5 23. Bxb5 Bc6 24. Bxc6 {1-0 Thurmer,J (2072)-Biro,T (1966) HUN-chT2 Asztalos 0708 2007 (2)}) ({RR} 9... b6 10. Bb5 Bb7 11. Nxf6+ Qxf6 12. Ne5 c6 13. Nxd7 Kxd7 14. Be2 Ke7 15. Bf3 Rhd8 16. Rc1 Rac8 17. Qa4 a5 18. O-O Kf8 19. Rfd1 Kg8 20. Bg4 Rc7 21. d5 Rd6 22. dxc6 Bxc6 23. Qc2 Rxd1+ 24. Bxd1 {1-0 Cubides Ferreira,A (1500)-Perez Lozano,E (1257) COL-ch U16 Villavicencio 2022 (1)}) ({RR} 9... O-O 10. Bd3 c5 11. Be2 b6 12. O-O Bb7 13. Nf4 Bxf3 14. Bxf3 Rc8 15. Rc1 Re8 16. b3 b5 17. Qd3 cxd4 18. exd4 Bg5 19. Rxc8 Qxc8 20. Nd5 Qa6 21. Nc7 Qc8 22. Nxe8 Qxe8 23. Qxb5 Qe7 24. Rd1 {1-0 Jornet Jaunoi,N (1805)-Cortada,E (1700) Catalunya-ch (Women) 1999}) ({RR} 9... c6 10. Nxf6+ Nxf6 11. Bc4 O-O 12. Ne5 Qa5+ 13. Qd2 Qxd2+ 14. Kxd2 Ne4+ 15. Ke2 Nd6 16. Bb3 Bf5 17. Rac1 Rad8 18. f3 Rfe8 19. Kf2 Re7 20. g4 Be6 21. Bxe6 Rxe6 22. Rhe1 g5 23. Rc5 Kg7 24. a4 {1-0 Gralka,J (2279)-Rychlik,B (1939) Polanica Zdroj op Seniors 45th 2009 (2)}) 10. Nxb6 axb6 11. Be2 O-O 12. O-O c5 13. h3 Qd6 14. Qc2 cxd4 15. exd4 Be6 16. a3 Rac8 17. Qd2 Rc7 18. Rac1 Rd7 19. Rfd1 Bb3 20. Re1 Qd5 21. Qb4 Rd6 22. Bc4 Bxc4 23. Rxc4 Rfd8 24. Rec1 Be7 25. Rc8 Rxc8 26. Rxc8+ Kh7 27. Qc4 Qxc4 28. Rxc4 Rc6 29. Rxc6 bxc6 30. Ne5 c5 31. dxc5 Bxc5 32. Nxf7 Kg6 33. Ne5+ Kf5 34. Nd3 Bd4 35. b3 Ke4 36. Ne1 Bb2 37. a4 Kd4 38. b4 Kc3 39. a5 Kxb4 40. a6 Bc3 41. a7 Bxe1 42. a8=Q 1-0